| 000 | 01229cam a2200337 i 4500 | ||
|---|---|---|---|
| 001 | ssj0001397290 | ||
| 003 | EG-ScBUE | ||
| 005 | 20260405114620.0 | ||
| 008 | 140108t2014 inua f b 001 0 eng d | ||
| 020 | _a9781118766576 | ||
| 040 |
_aDLC _beng _erda _cDLC _dDLC _dWaSeSS _dEG-ScBUE |
||
| 082 | 0 | 4 |
_a005.437 _222 _bCOO |
| 245 | 0 | 0 |
_aAbout face : _bthe essentials of interaction design / _cAlan Cooper [and five others] |
| 250 | _aFourth edition. | ||
| 264 | 1 |
_aIndianapolis, IN : _bJohn Wiley & Sons, Inc., _c[2014] |
|
| 264 | 4 | _cc2014 | |
| 300 |
_axxvi, 690 pages : _bcolor illustrations ; _c23 cm |
||
| 336 |
_2rdacontent _atext _btxt |
||
| 337 |
_2rdamedia _aunmediated _bn |
||
| 338 |
_2rdacarrier _avolume _bnc |
||
| 500 | _aPrev. ed. cataloged as: About face 3. | ||
| 500 | _a"The completely updated classic on creating delightful user experiences." | ||
| 504 | _aIncludes bibliographical references and index. | ||
| 506 | _aAvailable on campus and off campus with authorized login. | ||
| 650 | 7 |
_aUser interfaces (Computer systems) _2BUEsh |
|
| 650 | 7 |
_aHuman-computer interaction. _2BUEsh |
|
| 653 |
_cApril2026 _bART |
||
| 655 | _vReading book | ||
| 700 | 1 |
_aCooper, Alan, _d1952- _eauthor. |
|
| 942 |
_2ddc _cBB |
||
| 999 |
_c31159 _d31130 |
||